00988nam a2200193 a 4500001001000000003000900010005001700019008004100036040002500077082002000102110007000122245029500192260005200487300002000539590002600559942001300585952017900598999001700777000033399DO-SdBNP20210630154025.0091124s1952 dr c 000 0 spa d aDO-SdBNPbspacBNPHU aRD865.44bB171d2 aRepública Dominicana.bPresidente (1966-1978 : Balaguer)95896610aDiscurso pronunciado por Dr. Joaquín Balaguer secretario de Estado de Educación y Bellas Artes al inagural el seminario nacional de alfabetizacion el día 16 de diciembre de 1952 en el Auditorium del Liceo de Educación Intermedia Estados Unidos de Norte América de Ciudad Trujillo. aCiudad Trujillo :bImpresora Dominicana,c1952. a32 p. ;c23 cm. aInventariado, 2018/LP 2ddccLF1 001050718RVaPDbPDcCTd2011-08-26iLF1l0oxxxx R426d, 1952p33399-10r2020-06-25w2020-06-25y1zPerteneció a la biblioteca personal de Martínez BoogZNo se presta c32890d32890